000 00305nam a2200121Ia 4500
008 191201s2019 xx 000 0 und d
100 _aDasgupta,Tarun K.
245 0 _aGATE a key to success Pharmacy
260 _bAITBS Pub.
_aNew Delhi
_c2019
300 _a276
650 _aMiscellaneous
942 _2ddc
_cBK
999 _c8403
_d8403